00000000nam##2200000za#4500
0019.662255
003CaOODSP
00520240527135428
007ta
008150407|2000||||xxc|||||     f|0| 0 eng|d
020 |a0-662-65296-7
040 |aCaOODSP|beng
041 |aeng
041 |afre
043 |an-cn---
0861 |aCW66-190/2000
1102 |aCanadian Wildlife Service.
24510|aCanadian Wildlife Service strategic plan 2000 : |bthe path forward for Environment Canada's Wildlife Conservation Program
260 |aOttawa - Ontario : |bEnvironment Canada. |c2000.
300 |a23p. : |bcoloured illus. ; |c28 cm.
563 |aSoftcover
590 |a02-13|b2002-03-28
69007|aNature conservation|2gcpds
69007|aWildlife|2gcpds
69007|aStrategies|2gcpds
7760#|tPlan stratégique du Service canadien de la faune 2000 : |w(CaOODSP)9.639901
7760#|tCanadian Wildlife Service strategic plan 2000 : |w(CaOODSP)9.695781
792 |tService canadien de la faune, Plan stratégique 2000 : |efre|w(CaOODSP)9.662256